000
00274nam a22000977a 4500
005
20250901165414.0
008
210324b ||||| |||| 00| 0 eng d
050
_a
HF550 .S25 2010
245
_a
BUSINESS FINANCE SIMPLIFIED
_b
REVISED AND UPDATED
_c
SALEEMI, NISAR AHMAD
942
_2
lcc
999
_c
3427
_d
3427